Surveying Buildings

Bibliographic Details
Main Authors: Staveley, H. S. (Author), Glover, P. V. (Author)
Format: Book
Language:English
Published: London : Butterworths 1983
Subjects:

MARC

LEADER 00000cam a2200000 7i4500
001 0000000634
005 20240919.0
008 991124 enk a eng
020 |a 0408013095 (hbk) 
040 |a INS   |b eng   |e rda 
090 0 0 |a TH439   |b .S7 1983 
100 1 |a Staveley, H. S. ,   |e author 
245 1 0 |a Surveying Buildings   |c H. S. Staveley and P. V. Glover 
264 1 |a London :   |b Butterworths   |c 1983 
300 |a 232 pages :   |b illustrations ;   |c 24 cm. 
336 |a text  |2 rdacontent 
337 |a unmediated  |2 rdamedia 
338 |a volume  |2 rdacarrier 
504 |a Includes bibliographical references and index 
650 0 |a Building inspection 
650 0 |a Surveyors   |z Great Britain 
700 1 |a Glover, P. V. ,   |e author 
999 |a 0000000016   |b BOOK   |c Open Shelf   |e Default branch 
999 |a 0000001433   |b BOOK   |c Open Shelf   |e Default branch 
999 |a 0000001548   |b BOOK   |c Open Shelf   |e Default branch